00000000cam 2200000zi 4500
0019.962130
003CaOODSP
00520260515151712
006m     o  d f      
007cr cn ||||||||
008260423t20262026nsc     o    f000 0 eng d
020 |a9780660996776
040 |aCaOODSP|beng|erda|cCaOODSP
041 |aeng|beng|bfre
043 |an-cn---
0861 |aFs97-6/3775E-PDF
1001 |aBilan, Meri, |eauthor.
24510|aCross-border coral habitat exploration (CroCHEt) : |bcruise report / |cMeri Bilan, Anna Metaxas and Francisco Javier Murillo.
264 1|aDartmouth, NS : |bFisheries and Oceans Canada, |c2026.
264 4|c©2026
300 |a1 online resource (vi, 181 pages) : |bcolour illustrations, maps, graphs.
336 |atext|btxt|2rdacontent
337 |acomputer|bc|2rdamedia
338 |aonline resource|bcr|2rdacarrier
4901 |aCanadian technical report of fisheries and aquatic sciences, |x1488-5379 ; |v3775
504 |aIncludes bibliographical references (pages 94-97).
546 |aIncludes abstracts in English and French.
650 0|aMarine benthic ecology|zMaine, Gulf of.
650 0|aCorals|xEcology|zMaine, Gulf of.
650 6|aÉcologie marine benthique|zMaine, Golfe du.
650 6|aCoraux|xÉcologie|zMaine, Golfe du.
7101 |aCanada. |bDepartment of Fisheries and Oceans, |eissuing body.
830#0|aCanadian technical report of fisheries and aquatic sciences ;|v3775.|w(CaOODSP)9.504449
85640|qPDF|s13.8 MB|uhttps://publications.gc.ca/collections/collection_2026/mpo-dfo/fs97-6/Fs97-6-3775-eng.pdf